Регионална библиотека "Любен Каравелов" - Русе

Корупционната България : история на българската корупция в годините на преход към демокрация. Т. 2, 1997-2005 (Запис номер 323680)

MARC детайли
000 -Лидер
Контролно поле с фиксирана дължина aam a22 a 4500
003 - Код на организацията, давaща контролен номер
Контролно поле BLK
005 - Дата и час на последна редакция
Контролно поле 20221208030909.0
008 - Елементи от данни с фиксирана дължина
fixed length control field 180821b bul||||| |||| 00| 0 bul d
020 ## - Международен стандартен номер на книга ISBN
Международен стандартен номер на книга ISBN 978-619-90645-1-1
040 ## - Източник на каталожния запис
Идентификатор на билиотеката - собственик на записа BLK
041 ## - Код за език
Код за езика на текст/звукозапис или на отделно заглавие Български
Код за езика КДБФ Български
080 ## - УДК
Текстов определител УДК Корупция
УДК код - определител по УДК 328.185
УДК определител (497.2)(091)
УДК - код + определител 328.185(497.2)(091)
080 ## - УДК
УДК - код + определител 949.72.065
100 ## - Редна дума - Автор
Автор Сугарев, Едвин Стефанов
Авторска отговорност първи автор
R(LIN) 1299
139 ## - Редно поле
Редна дума Сугарев, Едвин Стефанов
Авторски знак Су - С 89
245 ## - Сведения за заглавието
Заглавие Корупционната България : история на българската корупция в годините на преход към демокрация. Т. 2, 1997-2005
257 ## - Страна на издаване
Страна на създаване/издаване България
260 ## - Област на издателските данни
Година на издаване 2017
9 (RLIN) 220517
Място на издаване, разпространение и проч. София
Име на издателя, разпространителя и проч. Гражданско сдружение Либертариум
300 ## - Физическа характеристика
Страници 560 с, [16] л. факс.
Размери/Мащаб 24 см
380 ## - Жанр
Жанр Обществени науки
500 ## - Общи забележки
Забележка Именен показалец
650 #7 - Допълнително описание по предмет – тема
9 (RLIN) 159504
Основно описание – тема или топоним Корупция
650 #0 - Допълнително описание по предмет – тема
9 (RLIN) 245662
Основно описание – тема или топоним Преход от тоталитаризъм към демокрация - България
650 #7 - Допълнително описание по предмет – тема
Основно описание – тема или топоним история
9 (RLIN) 157727
700 ## - Други автори (авторска отговорност)
Лично име Христов, Христо Станев
Автороска отговорност (Описва отношението между автора и произведението) съавт.
9 (RLIN) 1445
700 ## - Други автори (авторска отговорност)
Лично име Бучков, Петър Николаев
Автороска отговорност (Описва отношението между автора и произведението) съавт.
9 (RLIN) 1445
852 ## - Местоположение
Форматна сигнатура Цб 289614
Фондова буква Хранилище
999 ## - СИСТЕМНИ КОНТРОЛНИ НОМЕРА
Koha biblionumber 323680
Koha biblioitemnumber 323680
942 ## - АРТИКУЛИ
Вид на библиотечния материал Книги
Източник на класификационната схема Universal Decimal Classification
Скрит в OPAC Не
Koha issues (borrowed), all copies 3
999 ## - СИСТЕМНИ КОНТРОЛНИ НОМЕРА
Koha biblioitemnumber 323680
Наличности
Код за отписване Код за изгубен артикул Източник на класификационната схема Код за повреда Коз за рестрикции Код за отдаване Артикулен № Име на библиотеката - собственик Име на библиотеката, в която се намира в момента Статус (Текущо местоположение) Дата на вписване в системата Местоположение - отдел Цена в лева Инвентарен номер Систематично азбучна сигнатура Баркод Цена в евро Служебен тип на артикула
  Не е изгубен Universal Decimal Classification Не е повреден само за читалня ползва се в читалня 678959 Регионална библиотека "Любен Каравелов" Русе Регионална библиотека "Любен Каравелов" Русе Хранилище 2018-08-17 Хранилище 27.00 120000821875 Цб 289614 120000821875 13.80 Книги
  Не е изгубен Universal Decimal Classification Не е повреден без рестрикции заемане за дома 729624 Регионална библиотека "Любен Каравелов" Русе Регионална библиотека "Любен Каравелов" Русе Заемна - подръчен фонд 2019-07-10 Заемна - подръчен фонд 27.00   П 328/С 89 120000833557 13.80 Книги
Vip Innovations Ltd, Rousse, Bulgaria 2025